Orientation of prehistoric monuments in Britain : a reassessment /

Reassesses major axial alignment at many megalithic ritual and funerary monuments (Neolithic to Bronze Age) in Britain and Ireland, not in terms of abstract astronomical concerns, but as an expression of repeated seasonal propitiation involving community, agrarian economy and ancestry in an attempt...

وصف كامل

محفوظ في:

المؤلف الرئيسي: Marshall, Alistair (مؤلف)

التنسيق: كتاب الكتروني

اللغة: English

منشور في: Oxford : Archaeopress Archaeology, 2021.

الموضوعات:

الوصول للمادة أونلاين: Login to view Source

الوسوم: إضافة وسم

لا توجد وسوم, كن أول من يضع وسما على هذه التسجيلة!

رقم الطلب: GN805

LEADER 01771nam a2200373 i 4500
001 EDZ0002614679
003 StDuBDS
005 20230412182906.0
006 m|||||o||d||||||||
007 cr |||||||||||
008 210611s2021 enk fob 000|0|eng|d
020 |a 9781789697063 (PDF ebook) :  |c No price 
040 |a StDuBDS  |b eng  |c StDuBDS  |e rda  |e pn 
050 4 |a GN805 
082 0 4 |a 936.1  |2 23 
100 1 |a Marshall, Alistair  |q (Alistair J.),  |e author. 
245 1 0 |a Orientation of prehistoric monuments in Britain :  |b a reassessment /  |c Alistair Marshall. 
264 1 |a Oxford :  |b Archaeopress Archaeology,  |c 2021. 
300 |a 1 online resource (704 pages) 
336 |a text  |2 rdacontent 
337 |a computer  |2 rdamedia 
338 |a online resource  |2 rdacarrier 
500 |a Also issued in print: 2021. 
500 |a "extensive online image archive"--Home page. 
504 |a Includes bibliographical references. 
520 8 |a Reassesses major axial alignment at many megalithic ritual and funerary monuments (Neolithic to Bronze Age) in Britain and Ireland, not in terms of abstract astronomical concerns, but as an expression of repeated seasonal propitiation involving community, agrarian economy and ancestry in an attempt to mitigate variable environmental conditions. 
521 |a Specialized. 
588 |a Description based on online resource; title from PDF title page (viewed on September 13, 2021). 
650 0 |a Megalithic monuments  |z British Isles. 
776 0 8 |i Print version :  |z 9781789697056 
856 4 0 |3 Archaeopress  |u http://library.arce.org:8087/Archaeopress/Products/9781789697056 
942 |2 lcc  |c EBOOK 
952 |0 0  |1 0  |4 0  |6 GN0805  |7 1  |9 46736  |a ARCH  |b ARCH  |d 2023-04-12  |l 0  |o GN805  |r 2023-04-12 00:00:00  |w 2023-04-12  |y EBOOK 
999 |c 52394  |d 52394